|
|
|
|
| LEADER |
00945nam a2200229 a 4500 |
| 001 |
2520036 |
| 008 |
091105s1992 ii a b 001 0 eng d |
| 010 |
|
|
|a \\\92909261
|
| 020 |
|
|
|a 8170224209
|
| 040 |
|
|
|a DLC
|c DLC
|d DLC
|
| 082 |
0 |
0 |
|a 338.1/7/3180954
|2 20
|
| 100 |
1 |
|
|a Nirmala, V.,
|d 1959-
|
| 245 |
1 |
0 |
|a Economic analysis of rice cultivation :
|b a study of Tamil Nadu /
|c V. Nirmala.
|
| 260 |
|
|
|a New Delhi :
|b Concept Pub. Co.,
|c 1992.
|
| 300 |
|
|
|a 180 p. :
|b ill. ;
|c 23 cm.
|
| 500 |
|
|
|a Originally presented as the author's thesis (Ph. D.--Madurai Kamaraj University).
|
| 504 |
|
|
|a Includes bibliographical references (p. [169]-176) and index.
|
| 541 |
1 |
|
|e 00011184
|
| 650 |
|
0 |
|a Rice trade
|z India
|z Madurai (District)
|
| 852 |
4 |
|
|a Ayesha Abed Library
|j General shelf
|
| 999 |
|
|
|c 7588
|d 7588
|
| 952 |
|
|
|0 0
|1 0
|2 ddc
|4 0
|6 338_173180954000000_NIR_1992
|7 0
|9 8251
|a BRACUL
|b BRACUL
|c GEN
|d 2010-02-17
|l 0
|o 338.173180954 NIR
|p 3010011184
|r 2010-02-17
|t 1
|w 2010-02-17
|y BK
|